Health economics : (Record no. 10879)

MARC details
000 -LEADER
fixed length control field 00856nam a22002537i 4500
003 - CONTROL NUMBER IDENTIFIER
control field URS
005 - DATE AND TIME OF LATEST TRANSACTION
control field 20220307110413.0
008 - FIXED-LENGTH DATA ELEMENTS--GENERAL INFORMATION
fixed length control field 170331b xxu||||| |||| 00| 0 eng d
020 ## - INTERNATIONAL STANDARD BOOK NUMBER
International Standard Book Number 9812657290
040 ## - CATALOGING SOURCE
Description conventions rda
Transcribing agency URS
Language of cataloging English
050 ## - LIBRARY OF CONGRESS CALL NUMBER
Classification number RA410
Item number .Sa59 2006
100 ## - MAIN ENTRY--PERSONAL NAME
Personal name Santerre, Rexford E.,
Relator term author.
9 (RLIN) 1220
245 ## - TITLE STATEMENT
Title Health economics :
Remainder of title theories, insights and industry studies /
Statement of responsibility, etc Rexford E. Santerre, Stephen P. Neun.
250 ## - EDITION STATEMENT
Edition statement Third edition.
264 #1 - PUBLICATION, DISTRIBUTION, ETC. (IMPRINT)
Place of publication, distribution, etc Singapore :
Name of publisher, distributor, etc Thomson Learning Asia,
Date of publication, distribution, etc ©2006.
300 ## - PHYSICAL DESCRIPTION
Extent xvi, 584 pages :
Other physical details illustrations ;
Dimensions 23 cm.
336 ## - CONTENT TYPE
Content type term text
Content type code txt
Source rdacontent
337 ## - MEDIA TYPE
Media type term unmediated
Media type code n
Source rdamedia
338 ## - CARRIER TYPE
Carrier type term volume
Carrier type code nc
Source rdacarrier
504 ## - BIBLIOGRAPHY, ETC. NOTE
Bibliography, etc Includes bibliographical references and index.
650 ## - SUBJECT ADDED ENTRY--TOPICAL TERM
Topical term or geographic name as entry element Medical economics.
700 ## - ADDED ENTRY--PERSONAL NAME
Personal name Neun, Stephen P.,
9 (RLIN) 1222
Relator term author.
942 ## - ADDED ENTRY ELEMENTS (KOHA)
Source of classification or shelving scheme Library of Congress Classification
Koha item type Foreign Books
Holdings
Withdrawn status Lost status Source of classification or shelving scheme Damaged status Not for loan Collection code Home library Current library Shelving location Date acquired Source of acquisition Total Checkouts Full call number Barcode Date last seen Date checked out Copy number Price effective from Koha item type
    Library of Congress Classification     Non-fiction Taytay College Library Taytay College Library New Materials Shelf 07/20/2009 Trust Fund 1 RA410 .Sa5h 2006 URSTAY-1686 06/04/2025 03/11/2022 1 07/20/2009 Foreign Books
    Library of Congress Classification     Non-fiction Taytay College Library Taytay College Library New Materials Shelf 07/20/2009 Trust Fund   RA410 .Sa59 2006 URSTAY-1687 06/04/2025   2 07/20/2009 Foreign Books
    Library of Congress Classification     Non-fiction Taytay College Library Taytay College Library New Materials Shelf 07/20/2009 Trust Fund   RA410 .Sa59 2006 URSTAY-1688 06/04/2025   3 07/20/2009 Foreign Books
    Library of Congress Classification     Non-fiction Taytay College Library Taytay College Library New Materials Shelf 07/20/2009 Trust Fund   RA410 .Sa59 2006 URSTAY-1689 06/04/2025   4 07/20/2009 Foreign Books

University of Rizal System
Email us at univlibservices@urs.edu.ph

Visit our Website www.urs.edu.ph/library